000 00610nam a22001697a 4500
003 OSt
005 20171010095456.0
008 120703t xxu||||| |||| 00| 0 eng d
040 _aMMSU
_cULS
100 _aSagsagat, Minerva O.
_910972
245 _aThe Factors considered by children viewers of Paoay, Ilocos Norte for watching educational programs
_cMinerva O. Sagsagat
260 _c2008
300 _ax, 61 leaves
_c28 cm.
500 _aThesis (AB English Studies) -- Mariano Marcos State University-College of Arts & Sciences, Batac City
504 _aBibliography: leaves 40-42
942 _2ddc
_cTHEDIS
999 _c9619
_d9619